La réparation des Dommages causés aux Étrangers par des Mouvements Révolutionnaires (Record no. 3852)
[ view plain ]
| 000 -CABECERA | |
|---|---|
| campo de control de longitud fija | 00717nam a2200217 a 4500 |
| 001 - NÚMERO DE CONTROL | |
| campo de control | BRCA_4136 |
| 005 - FECHA Y HORA DE LA ÚLTIMA TRANSACCIÓN | |
| campo de control | 20190320204545.0 |
| 008 - DATOS DE LONGITUD FIJA--INFORMACIÓN GENERAL | |
| campo de control de longitud fija | 140410s1933----fr-#######---#000-0#fre-# |
| 041 ## - CÓDIGO DE LENGUA | |
| Código de lengua del texto/banda sonora o título independiente | fre |
| 044 ## - CÓDIGO DEL PAÍS DE LA ENTIDAD EDITORA/PRODUCTORA | |
| Código MARC del país | fr |
| 050 #4 - SIGNATURA TOPOGRÁFICA DE LA BIBLIOTECA DEL CONGRESO | |
| Número de clasificación | F1234 |
| Número de documento/Ítem | .R47 1933 |
| 245 10 - MENCIÓN DE TÍTULO | |
| Título | La réparation des Dommages causés aux Étrangers par des Mouvements Révolutionnaires |
| Resto del título | Jurisprudence de la Commission Franco-Mexicaine des Réclamations (1924-1932). |
| 260 ## - PUBLICACIÓN, DISTRIBUCIÓN, ETC. | |
| Lugar de publicación, distribución, etc. | Paris |
| Nombre del editor, distribuidor, etc. | A. Pedone |
| Fecha de publicación, distribución, etc. | 1933 |
| 300 ## - DESCRIPCIÓN FÍSICA | |
| Extensión | xv, 228 p. |
| Dimensiones | 25 cm. |
| 500 ## - NOTA GENERAL | |
| Nota general | Incluye tabla de materias y anexos |
| 500 ## - NOTA GENERAL | |
| Nota general | C165 |
| 650 14 - PUNTO DE ACCESO ADICIONAL DE MATERIA--TÉRMINO DE MATERIA | |
| Término de materia o nombre geográfico como elemento de entrada | Relaciones internacionales |
| 9 (RLIN) | 10676 |
| 651 #4 - PUNTO DE ACCESO ADICIONAL DE MATERIA--NOMBRE GEOGRÁFICO | |
| Nombre geográfico | México |
| Subdivisión general | Historia |
| Subdivisión cronológica | Revolución, 1910-1917 |
| 9 (RLIN) | 10677 |
| 902 ## - CATALOGADOR | |
| Iniciales | GFM |
| 942 ## - ELEMENTOS DE PUNTO DE ACCESO ADICIONAL (KOHA) | |
| Fuente del sistema de clasificación o colocación | Library of Congress Classification |
| Tipo de ítem Koha | Libros |
| Estado de retiro | Estado de pérdida | Estado dañado | No para préstamo | Localización permanente | Ubicación/localización actual | Fecha de adquisición | Número de inventario | Total de préstamos | Signatura topográfica completa | Código de barras | Fecha visto por última vez | Precio válido a partir de | Tipo de ítem Koha |
|---|---|---|---|---|---|---|---|---|---|---|---|---|---|
| El ejemplar forma parte de la colección y puede ser consultado según las políticas vigentes. | Biblioteca del Museo Franz Mayer (Rogerio Casas-Alatriste) | Biblioteca del Museo Franz Mayer (Rogerio Casas-Alatriste) | 14/04/2010 | C165 | F1234 .R47 1933 (C165) | 4133 | 22/03/2019 | 22/03/2019 | Libros |